Southville International School and Colleges
Your cart is empty.
  • Cart
  • Lists
    Public lists Eva Luna New books Lux_list list_1
    Your lists Log in to create your own lists
  • Log in to your account
  • Your cookies
  • Search history
Southville International School and Colleges
  • Advanced search
  • Recent comments
  • Most popular
  • Libraries

Log in to your account

Log in with GOOGLE


If you do not have an external account, but do have a local account, you can still log in:

  1. Home
  2. MARC view: Breathing Room /
Normal view MARC view ISBD view

Breathing Room / (Record no. 363439)

[ view plain ]
MARC details
000 -LEADER
fixed length control field 00402nam a2200169Ia 4500
008 - FIXED-LENGTH DATA ELEMENTS--GENERAL INFORMATION
fixed length control field 200601s9999 xx 000 0 und d
020 ## - INTERNATIONAL STANDARD BOOK NUMBER
International Standard Book Number 0-06-103209-3
050 ## - LIBRARY OF CONGRESS CALL NUMBER
Classification number FIC P53b
050 ## - LIBRARY OF CONGRESS CALL NUMBER
Item number 2002
100 ## - MAIN ENTRY--PERSONAL NAME
Personal name Philips, Susan Elizabeth
245 #0 - TITLE STATEMENT
Title Breathing Room /
245 #0 - TITLE STATEMENT
Statement of responsibility, etc Susan Elizabeth Philips.
260 ## - PUBLICATION, DISTRIBUTION, ETC. (IMPRINT)
Place of publication, distribution, etc New York:
260 ## - PUBLICATION, DISTRIBUTION, ETC. (IMPRINT)
Name of publisher, distributor, etc Avon Books
260 ## - PUBLICATION, DISTRIBUTION, ETC. (IMPRINT)
Date of publication, distribution, etc 2002
300 ## - PHYSICAL DESCRIPTION
Extent 389pages :

No items available.

Breathing Room /

APA

Philips S. E., .Breathing Room. New York: .

Chicago

Philips Susan Elizabeth, .Breathing Room. New York: .

Harvard

Philips S. E., .Breathing Room. New York: .

MLA

Philips Susan Elizabeth, .New York: . .

  • Print
  • Cite
  • Add to your cart (remove)
  • Save record
    BIBTEX Dublin Core MARCXML MARC (non-Unicode/MARC-8) MARC (Unicode/UTF-8) MARC (Unicode/UTF-8, Standard) MODS (XML) RIS
  • More searches
    Search for this title in:
    Other Libraries (WorldCat) Other Databases (Google Scholar) Online Stores (Bookfinder.com) Open Library (openlibrary.org)

Exporting to Dublin Core...

SOUTHVILLE LIBRARY

Southville International School and Colleges Library

1281 Tropical Ave. Cor. Luxembourg St., BF Homes International, Las Pinas City

Tel. No. 8256374 / 252358 Loc. 117/146

Powered by Koha